| 000 | 01448 a2200229 4500 | ||
|---|---|---|---|
| 020 | _a0750674458 | ||
| 040 |
_aDLC _bDLC |
||
| 082 | _a621.317 | ||
| 100 | 1 | _aMack, Raymond A. | |
| 245 | 1 | 0 |
_aDemystifying switching power supplies _cRaymond Mack. |
| 246 | 3 |
_aSwitching power supplies demystified _h[electronic resource] |
|
| 260 |
_aAmsterdam ; _aBoston : _bElsevier, _cc2005. |
||
| 300 |
_a323 p. : _bill. ; _c24 cm. |
||
| 520 | 1 | _a"This book is a "crash course" in the fundamental theory, concepts, and design of switching power supplies. It's intended to quickly prepare engineers to make key decisions about the appropriate power supplies for their projects - including the use of "off the shelf" supplies and supply modules - and give a solid foundation for original power supply design. Intended for readers who need to quickly understand the key points of switching power supplies, this book covers the core essentials of power supply theory and design while keeping mathematics to the absolute minimum necessary."--BK JACKET. | |
| 538 | _aMode of access: World Wide Web. | ||
| 538 | _aSystem requirements: Internet connectivity; World Wide Web browser. | ||
| 650 | 0 |
_aSwitching circuits _xDesign and construction. |
|
| 650 | 0 |
_aPower semiconductors _xDesign and construction. |
|
| 650 | 0 |
_aSemiconductor switches _xDesign and construction. |
|
| 650 | 0 |
_aSwitching power supplies _xDesign and construction. |
|
| 942 |
_cBK _k621.317 MAC _2ddc |
||
| 999 |
_c7912 _d7912 |
||